NBA Champions Starters - Statistics

General Stats
  • This quiz has been taken 141 times
  • The average score is 133 of 233
Answer Stats
Position Answer % Correct
PG LeBron James
100%
PG Shai Gilgeous-Alexander
100%
PG Stephen Curry
98%
6TH Bruce Brown
96%
PF Giannis Antetokounmpo
96%
SF Jaylen Brown
96%
SF Kawhi Leonard
96%
SG Klay Thompson
96%
SG Kobe Bryant
96%
COACH Larry Brown
96%
PF A.C. Green
94%
SF Danny Green
94%
PF Draymond Green
94%
SG Dwyane Wade
94%
PF Jayson Tatum
94%
SF Larry Bird
94%
SG Michael Jordan
94%
6TH Mychal Thompson
94%
C Nikola Jokić
94%
C Shaquille O'Neal
94%
COACH Steve Kerr
94%
C Tristan Thompson
94%
PG Jamal Murray
93%
SF Kevin Durant
93%
PG Kyrie Irving
93%
PG Magic Johnson
93%
SF Scottie Pippen
93%
C Tim Duncan
93%
PF Anthony Davis
91%
PF Chet Holmgren
91%
6TH Dennis Rodman
91%
SG Johnny Davis
91%
PG Jrue Holiday
91%
PG Tony Parker
91%
C David Robinson
89%
PF Dirk Nowitzki
89%
PG Gus Williams
89%
SG Jalen Williams
89%
PG Jason Williams
89%
SF Julius Erving
89%
PF Kevin Garnett
89%
6TH Manu Ginóbili
89%
C Marc Gasol
89%
PF Pau Gasol
89%
6TH Scott Williams
89%
C Al Horford
87%
C Chris Bosh
87%
C Hakeem Olajuwon
87%
PG Jason Kidd
87%
C Kareem Abdul-Jabbar
87%
6TH Lucius Allen
87%
6TH Ray Allen
87%
6TH Andre Iguodala
85%
C Ben Wallace
85%
PG Chauncey Billups
85%
SG Derrick White
85%
PG Isiah Thomas
85%
PG Jo Jo White
85%
SG J.R. Smith
85%
PF Pascal Siakam
85%
C Brook Lopez
83%
PF Greg Smith
83%
PG Kenny Smith
83%
PF Kevin Love
83%
SG Khris Middleton
83%
PG Kyle Lowry
83%
SF Paul Pierce
83%
6TH Phil Smith
83%
6TH Rajon Rondo
83%
PF Rasheed Wallace
83%
PF Aaron Gordon
81%
SF Andrew Wiggins
81%
C Bill Russell
81%
6TH Cazzie Russell
81%
COACH Gregg Popovich
81%
COACH Michael Malone
81%
C Moses Malone
81%
C Wilt Chamberlain
81%
PG Avery Johnson
80%
6TH Charles Johnson
80%
PG Dennis Johnson
80%
C Dwight Howard
80%
SF John Johnson
80%
SF Luguentz Dort
80%
SF Michael Porter Jr.
80%
6TH Vinnie Johnson
80%
C Isaiah Hartenstein
78%
PF Kevin McHale
78%
COACH Phil Jackson
78%
6TH Jaren Jackson
76%
PG Jerry West
76%
SG Kentavious Caldwell-Pope
76%
SG Stephen Jackson
76%
SF James Worthy
74%
C Robert Parish
72%
PG Derek Fischer
70%
6TH Alex Caruso
69%
🏆 Bill Walton
69%
SG Clyde Drexler
69%
SG Joe Dumars
69%
C Kevon Looney
69%
PG Oscar Robertson
69%
C Bill Laimbeer
67%
SF John Havlicek
67%
C Kendrick Perkins
67%
PG Mario Chalmers
67%
COACH Doc Rivers
65%
SF Rick Barry
65%
PG Ron Harper
65%
C Wes Unseld
65%
6TH Bobby Jones
63%
PF Horace Grant
63%
C JaVale McGee
63%
COACH K.C. Jones
63%
SG Sam Jones
63%
C Willis Reed
63%
PF Elvin Hayes
61%
PF Harrison Barnes
61%
SF Ron Artest
61%
C Zaza Pachulia
61%
C Erik Spoelstra
59%
6TH Kristaps Porziņǵis
59%
COACH Pat Riley
59%
SF Tayshaun Prince
59%
SG Richard Hamilton
57%
6TH Jordan Poole
56%
PF Toni Kukoč
56%
PG Walt Frazier
56%
C Andrew Bynum
54%
SF Mike Miller
54%
SF Shawn Marion
54%
COACH Tyronn Lue
54%
6TH Udonis Haslem
54%
6TH Fred VanVleet
52%
6TH Jason Terry
52%
COACH Joe Mazzulla
52%
6TH Robert Horry
52%
C Tyson Chandler
52%
SF Bruce Bowen
50%
C Luc Longley
50%
C Bill Cartwright
48%
PG Erm Bryant
48%
PG John Paxson
48%
SF Cedric Maxwell
46%
SG Vernon Maxwell
46%
PF Boris Diaw
44%
SG Byron Scott
43%
SG Charlie Scott
43%
SF Mark Aguirre
43%
PG Maurice Cheeks
43%
6TH Michael Cooper
43%
COACH Nick Nurse
43%
SF Rick Fox
43%
SF Shane Battier
43%
COACH Mike Budenholzer
41%
SF P.J. Tucker
41%
SF Trevor Ariza
41%
SF Antoine Walker
39%
PG B.J. Armstrong
39%
6TH Cliff Levingston
39%
SG J.J. Barea
39%
6TH Lamar Odom
39%
6TH Shaun Livingston
39%
C Dave Cowens
37%
COACH Rick Carlisle
35%
PG Tiny Archibald
35%
SG Danny Ainge
33%
SG Earl Monroe
33%
C Bob McAdoo
31%
SG Gail Goodrich
31%
PF Kurt Rambis
31%
COACH Mark Daigneault
31%
PF Rick Mahorn
31%
COACH Rudy Tomjanovich
31%
SF Bill Bradley
30%
COACH Chuck Daly
30%
PF Dave DeBusschere
30%
SF Glen Rice
30%
SF Jamaal Wilkes
30%
COACH Lenny Wilkens
30%
COACH Frank Vogel
28%
SG Mario Elie
28%
PF Maurice Lucas
28%
C Nazr Mohammed
28%
C Jack Sikma
26%
6TH John Salley
26%
PG Norm Nixon
26%
PF Otis Thorpe
26%
SF Bob Dandridge
24%
C Fabricio Oberto
24%
PF James Edwards
24%
6TH Pat Connaughton
24%
6TH Richard Jefferson
24%
SF Sean Elliott
24%
COACH Tom Heinsohn
24%
6TH Lloyd Neal
22%
SG Michael Finley
22%
6TH Sam Cassell
22%
SG Andrew Toney
20%
COACH Bill Sharman
20%
PF Don Nelson
20%
6TH Paul Silas
19%
PG Gerald Henderson
17%
PG Tom Henderson
17%
COACH Billy Cunningham
15%
SG Dick Barnett
15%
SG Chris Ford
13%
PF Happy Hairston
13%
6TH James Posey
13%
PF Marc Iavaroni
13%
PG Lionel Hollins
11%
PF Bailey Howell
9%
6TH Devean George
9%
COACH Jack Ramsay
9%
COACH Paul Westhead
9%
COACH Red Holzman
9%
COACH Bill Fitch
7%
C Clifford Ray
7%
COACH Dick Motta
7%
SG Don Chaney
7%
6TH Elden Campbell
7%
PF Jim Chones
7%
SG Jon McGlocklin
7%
SG Kevin Grevey
7%
PF Lonnie Shelton
7%
SF Bob Gross
6%
SF Jim McMillan
6%
COACH Larry Costello
6%
6TH Larry Siegfried
6%
6TH Rick Robey
6%
COACH Al Attles
4%
PG Butch Beard
4%
6TH Steve Kuberski
4%
No matching quizzes found
Score Distribution
Percent of People with Each Score
Percentile by Number Answered
Your Score History
You have not taken this quiz